000 00286nam a2200121Ia 4500
100 _a#N/A
650 _aELECTRONICS
942 _cBK
654 _aadvanced digital systems
245 _aAdvanced Digital Systems Experiments and concepts with CPLDs
260 _b#N/A
546 _aENGLISH
999 _c26964
_d26964